[Event "Olympiad-41"]
[Site "Tromsoe"]
[Date "2014.08.08"]
[Round "6.3"]
[White "Al Huwar, Jasem"]
[Black "Valenzuela Fuentealba, Luis"]
[Result "0-1"]
[WhiteElo "2277"]
[BlackElo "2455"]
[PlyCount "84"]
[EventDate "2014.08.02"]
[EventType "team-swiss"]
[EventRounds "11"]
[EventCountry "NOR"]
[SourceTitle "CBM 162"]
[Source "ChessBase"]
[SourceDate "2014.09.17"]
[SourceVersion "1"]
[SourceVersionDate "2014.09.17"]
[SourceQuality "1"]
[WhiteTeam "United Arab Emirates"]
[BlackTeam "Chile"]
[WhiteTeamCountry "UAE"]
[BlackTeamCountry "CHI"]

1. Nf3 d5 2. g3 g6 3. Bg2 Bg7 4. d4 Nf6 5. c4 dxc4 6. 0-0 0-0 7. Na3 Nc6 8. Nxc4 Be6 9. b3 a5 10. Bb2 Bd5 11. Rc1 a4 12. Ne3 Be4 13. Ne5 Bxg2 14. Kxg2 Ra6 15. Nxc6 bxc6 16. bxa4 Qa8 17. Rc4 Nd7 18. Ba3 c5+ 19. d5 Bd4 20. Kg1 Rd8 21. Qc1 Nb6 22. Rc2 Nxa4 23. Nc4 Rxd5 24. e3 Bg7 25. Rd1 e6 26. Re1 h5 27. e4 Rd3 28. e5 h4 29. Re3 Rd4 30. Qf1 Qd5 31. Re1 Qa8 32. Nd2 Bf8 33. Nb3 Rd5 34. Rec1 Nc3 35. Rxc3 Rxa3 36. gxh4 Rxe5 37. Rg3 Rxa2 38. Qd3 Qd5 39. Qc3 c4 40. Nd4 Ra3 41. Qd2 Rxg3+ 42. hxg3 Bc5 0-1

[Event "CHI-ch"]
[Site "Punta Arenas"]
[Date "2014.02.21"]
[Round "5"]
[White "Garcia Cardenas, Pablo"]
[Black "Valenzuela Fuentealba, Luis"]
[Result "1/2-1/2"]
[WhiteElo "2420"]
[BlackElo "2474"]
[PlyCount "26"]
[EventDate "2014.02.18"]
[EventType "tourn"]
[EventRounds "11"]
[EventCountry "CHI"]
[EventCategory "5"]
[SourceTitle "CBM 159 Extra"]
[Source "ChessBase"]
[SourceDate "2014.04.24"]
[SourceVersion "1"]
[SourceVersionDate "2014.04.24"]
[SourceQuality "1"]

1. c4 e5 2. g3 Nc6 3. Bg2 g6 4. Nc3 Bg7 5. e3 f5 6. Nge2 Nf6 7. 0-0 0-0 8. Nd5 d6 9. Nec3 Ne7 10. d4 c6 11. Nxf6+ Bxf6 12. dxe5 dxe5 13. e4 Qxd1 1/2-1/2

[Event "CHI-ch"]
[Site "Punta Arenas"]
[Date "2014.02.21"]
[Round "6"]
[White "Valenzuela Fuentealba, Luis"]
[Black "Salinas Herrera, Pablo Patricio"]
[Result "1/2-1/2"]
[WhiteElo "2474"]
[BlackElo "2405"]
[PlyCount "63"]
[EventDate "2014.02.18"]
[EventType "tourn"]
[EventRounds "11"]
[EventCountry "CHI"]
[EventCategory "5"]
[SourceTitle "CBM 159 Extra"]
[Source "ChessBase"]
[SourceDate "2014.04.24"]
[SourceVersion "1"]
[SourceVersionDate "2014.04.24"]
[SourceQuality "1"]

1. d4 d5 2. Nf3 Nf6 3. c4 c6 4. Nc3 e6 5. e3 Nbd7 6. Qc2 Bd6 7. Bd3 0-0 8. 0-0 dxc4 9. Bxc4 a6 10. Rd1 b5 11. Bd3 Qc7 12. Bd2 c5 13. Ne4 c4 14. Nxd6 Qxd6 15. Be2 Bb7 16. b3 Bd5 17. Qb2 Rfc8 18. Rdc1 Rab8 19. Ba5 Ne4 20. Ne1 f5 21. f3 Nef6 22. Nc2 h5 23. Be1 g5 24. Nb4 h4 25. Qd2 Kf7 26. Nxd5 exd5 27. a4 Kg6 28. axb5 axb5 29. Bf1 Nh5 30. bxc4 dxc4 31. e4 Ng7 32. g3 1/2-1/2

[Event "Antofagasta 1st"]
[Site "Antofagasta"]
[Date "2012.11.02"]
[Round "6"]
[White "Lopez Silva, Hugo Andres"]
[Black "Valenzuela Fuentealba, Luis"]
[Result "1-0"]
[WhiteElo "2398"]
[BlackElo "2496"]
[PlyCount "101"]
[EventDate "2012.10.31"]
[EventType "tourn"]
[EventRounds "9"]
[EventCountry "CHI"]
[EventCategory "6"]
[SourceTitle "EXT 2014"]
[Source "ChessBase"]
[SourceDate "2013.11.20"]
[SourceVersion "1"]
[SourceVersionDate "2013.11.20"]
[SourceQuality "1"]

1. e4 c5 2. Nf3 e6 3. d4 cxd4 4. Nxd4 a6 5. g3 Nf6 6. Bg2 Qc7 7. 0-0 Nc6 8. Nc3 Bb4 9. Nxc6 dxc6 10. Qd4 c5 11. Qd3 c4 12. Qe2 e5 13. Bg5 Bxc3 14. bxc3 h6 15. Be3 0-0 16. Rfb1 b5 17. a4 Bd7 18. a5 Bc6 19. f3 Nh7 20. Bc5 Rfe8 21. Qe3 f5 22. Rd1 fxe4 23. fxe4 Nf6 24. Bd6 Qf7 25. Re1 Qg6 26. Rad1 Rad8 27. Qc5 Bxe4 28. Rxe4 Nxe4 29. Qd5+ Re6 30. Bxe4 Qf6 31. Qc5 Kh8 32. Rd5 Qf7 33. Bc7 Rf8 34. Rd1 Rf6 35. Qxf8+ Qxf8 36. Rd8 Rf1+ 37. Kg2 Rf2+ 38. Kh3 Qxd8 39. Bxd8 Re2 40. Bb7 Rxc2 41. Bxa6 e4 42. Kg4 b4 43. cxb4 c3 44. Bb6 Rb2 45. Bd4 Rb3 46. Bxc3 Rxc3 47. Bb7 g5 48. a6 h5+ 49. Kxh5 g4 50. Kxg4 e3 51. Kf3 1-0